000 00700nam a2200289Ia 4500
005 20260324145347.0
008 008 260324s9999 xx 000 0 eng d
020 _a9780203717318
037 _aEBOOK
040 _aCRL
040 _beng
040 _cCRL
041 _2eng
041 _aeng
084 _qCRL
100 _aChristopher T. Husbands
_91071957
245 0 _aRacial Exclusionism and the City
245 4 _bThe Urban Support of the National Front
260 _bTaylor and Francis
260 _c1983
365 _a
365 _b350
856 _uhttp://www.taylorfrancis.com/books/9780203717318
942 _cEBOOK
999 _c1830491
_d1830491